000 00621nam a2200193 i 4500
001 bg
100 1 _aGAJEWSKI, Krzysztof
245 0 _aJak rozbudować interpreter :
_bCommodore 64/128 /
_cKrzysztof Gajewski, Bogusław Radziszewski ; Stołeczny Ośrodek Elektonicznej Techniki Obliczeniowej.
260 _aWarszawa :
_bSOETO,
_c1989.
300 _a260 s. ;
_c21 cm.
490 1 _aInformatyka mikrokomouterowa
700 1 _aRADZISZEWSKI, Bogusław
830 _aInformatyka mikrokomouterowa
040 _cBPK
041 _apol
080 _a681.322.068
942 _cKS
008 s pl f |000 0 pol
999 _c29160
_d29160
856 _uhttp://koha.tu.koszalin.pl/cgi-bin/koha/opac-detail.pl?biblionumber=29160
_yKatalog online BPK